=LDR 00000nam 2200000 4500 =001 INLIS000000000028253 =005 20130612130555 =008 ***********************************Ind** =035 ##$$0010-061300000028253 =041 ##$$a Ind =082 ##$$a 621.381 =090 ##$$a 621.381, Har s =100 ##$$a Hardi, Syam =245 ##$$a 150 macam gangguan cassette recorder circuits, Syam Hardi =260 ##$$a 1984 $b Jakarta =300 ##$$a ...Jild, ilus, 22 cm =650 ##$$a aPerbaikan Cassette Recorder =850 ##$$a NBPNMAT